Central Library OPAC University of Rajshahi

Right to equality and the Supreme Court / (Record no. 22462)

MARC details
000 -LEADER
fixed length control field 00848nam a2200265 a 4500
001 - CONTROL NUMBER
control field 22462
003 - CONTROL NUMBER IDENTIFIER
rucl marc code BD-RjUL
005 - DATE AND TIME OF LATEST TRANSACTION
control field 20211209000817.0
008 - FIXED-LENGTH DATA ELEMENTS--GENERAL INFORMATION
fixed length control field 140308s1990 ii b 001 0 eng
020 ## - INTERNATIONAL STANDARD BOOK NUMBER
International Standard Book Number 8171001963
035 ## - SYSTEM CONTROL NUMBER
System control number (BD-RjUL)22527
040 ## - CATALOGING SOURCE
Original cataloging agency DLC
Transcribing agency DLC
Modifying agency DLC
-- DBD-RjUL
Language of cataloging eng
041 ## - LANGUAGE CODE
Language code of text/sound track or separate title eng
082 00 - DEWEY DECIMAL CLASSIFICATION NUMBER
Classification number 345.402
Edition number 20
Author mark and year DWR 1990
100 1# - MAIN ENTRY--PERSONAL NAME
Personal name Dwivedi, K. C.
Fuller form of name (Krishna Chandra),
Dates associated with a name 1952-
9 (RLIN) 69372
245 10 - TITLE STATEMENT
Title Right to equality and the Supreme Court /
Statement of responsibility, etc. K.C. Dwivedi.
260 ## - PUBLICATION, DISTRIBUTION, ETC. (IMPRINT)
Place of publication, distribution, etc. New Delhi :
Name of publisher, distributor, etc. Deep & Deep Publications,
Date of publication, distribution, etc. c1990.
300 ## - PHYSICAL DESCRIPTION
Pagination 184 p. ;
Size 22 cm.
504 ## - BIBLIOGRAPHY, ETC. NOTE
Bibliography, etc Includes bibliographical references (p. [179]-182)
610 10 - SUBJECT ADDED ENTRY--CORPORATE NAME
Corporate name or jurisdiction name as entry element India.
Subordinate unit Supreme Court.
650 #0 - SUBJECT ADDED ENTRY--TOPICAL TERM
Topical term or geographic name as entry element Equality before the law
Geographic subdivision India.
9 (RLIN) 69374
Topical term or geographic name as entry element Constitutional law
Geographic subdivision India.
9 (RLIN) 13751
942 ## - ADDED ENTRY ELEMENTS (KOHA)
Source of classification or shelving scheme Dewey Decimal Classification
Koha item type Books
Holdings
Lost status Source of classification or shelving scheme Damaged status Not for loan Collection code Permanent Location Current Location Shelving location Date acquired Source of acquisition Cost, normal purchase price Total Checkouts Full call number Date last seen Copy number Koha item type
  Dewey Decimal Classification     Non-fiction Central Library, University of Rajshahi Central Library, University of Rajshahi   15/12/1997 Dhaka, Ankur Prakashani. 175.00   345.402 DWR 1990 08/03/2014 C-3 Books
  Dewey Decimal Classification     Non-fiction Central Library, University of Rajshahi Central Library, University of Rajshahi   09/10/1996 Ankur Prokashani, Dhaka 175.00   345.402 DWR 1990 03/08/2016 C-2 Books
  Dewey Decimal Classification     Non-fiction Central Library, University of Rajshahi Central Library, University of Rajshahi   09/10/1996 Ankur Prokashani, Dhaka 175.00   345.402 DWR 1990 03/08/2016 C-4 Books
  Dewey Decimal Classification     Non-fiction Central Library, University of Rajshahi Central Library, University of Rajshahi   09/10/1996 Ankur Prokashani, Dhaka 175.00   345.402 DWR 1990 03/08/2016 C-5 Books
  Dewey Decimal Classification     Non-fiction Central Library, University of Rajshahi Central Library, University of Rajshahi   01/04/2000 Lucky syndicate 175.00   345.402 DWR 1990 03/08/2016 C-6 Books
  Dewey Decimal Classification     Non-fiction Central Library, University of Rajshahi Central Library, University of Rajshahi   15/12/1997 Ankur Prokashani, Dhaka 175.00   345.402 DWR 1990 01/11/2016 C-7 Books
  Dewey Decimal Classification   Not For Loan Non-fiction Central Library, University of Rajshahi Central Library, University of Rajshahi Reading Room 09/10/1996 Ankur, Dhaka 175.00   345.402 DWR 1990 27/12/2016 C-1 Books